Central Library, Doon University
WEBOPAC (ONLINE PUBLIC ACCESS CATALOGUE)

Biochemistry Molecular Biology And Genetics (Record no. 60764)

MARC details
000 -LEADER
fixed length control field 00554nam a22001937a 4500
005 - DATE & TIME
control field 20260512155056.0
008 - FIXED-LENGTH DATA ELEMENTS--GENERAL INFORMATION
fixed length control field 260512b |||||||| |||| 00| 0 eng d
020 ## - ISBN
International Standard Book Number 9789388696760
Price 1549.00
040 ## - CATALOGING SOURCE
Original cataloging agency Doon University
041 ## - Language
Language English
082 ## - DDC NUMBER
Classification number 572.8076
Book Number LIE
100 ## - MAIN ENTRY--PERSONAL NAME
Personal name Lieberman, Michael A
245 ## - TITLE STATEMENT
Title Biochemistry Molecular Biology And Genetics
Sub Title : Board Review Series
260 ## - PUBLICATION, DISTRIBUTION, ETC. (IMPRINT)
Place of publication, distribution, etc New Delhi
Name of publisher, distributor, etc Wolters Kluwer
Date of publication, distribution, etc 2020
300 ## - PHYSICAL DESCRIPTION
Pages 444
650 ## - Subject
Subject Biological Science (PM USHA)
700 ## - Added Entry Personal Name
Added Entry Personal Name Ricer, Rick
942 ## - ADDED ENTRY ELEMENTS (KOHA)
Koha item type Books
100 ## - MAIN ENTRY--PERSONAL NAME
-- 18885
650 ## - Subject
-- 26674
700 ## - Added Entry Personal Name
-- 18886
952 ## - LOCATION AND ITEM INFORMATION (KOHA)
-- 2026-05-12
952 ## - LOCATION AND ITEM INFORMATION (KOHA)
-- 2026-05-12
952 ## - LOCATION AND ITEM INFORMATION (KOHA)
-- 2026-05-12
Holdings
Withdrawn status Lost status Source of classification or shelving scheme Damaged status Not for loan Location (home branch) Sublocation or collection (holding branch) Date acquired Koha issues (times borrowed) Koha full call number Accession No. Koha date last seen Koha item type
          Doon University Doon University 12.05.2026   572.8076 LIE 32971 12.05.2026 Books
          Doon University Doon University 12.05.2026   572.8076 LIE 32972 12.05.2026 Books
          Doon University Doon University 12.05.2026   572.8076 LIE 32973 12.05.2026 Books
Contact : +91-135-2533126 (Library),+91-135-2533105 (Admin Office) , Email : doonlibrary@gmail.com

Powered by Koha